Countries Ending in 'D' Quiz Stats

 Plays Quiz Updated Jul 28, 2019

Score 0/8 Timer 02:00
16 Plays Today
% Correct
Iceland
79.9%
Finland
77.4%
Ireland
77.4%
Poland
63.6%
New Zealand
61.1%
Switzerland
56.8%
Thailand
53.4%
Chad
51%

You're not logged in!

Compare scores with friends on all Sporcle quizzes.
OR
Log In

Sporcle TV

Today on Sporcle TV


Watch our educational content, quiz creation guides, and fun videos on Sporcle TV.

Show Comments

Extras

Top Quizzes Today


Score Distribution

Your Account Isn't Verified!

In order to create a playlist on Sporcle, you need to verify the email address you used during registration. Go to your Sporcle Settings to finish the process.

Report this User

Report this user for behavior that violates our Community Guidelines.

Details: